00348 a2200121 4500001000700000020000600007040001100013100002700024240008000051245007500131362000900206440001100215165930 a  cMagnum aMello, Guiomar Namo de10aMagisterio de 1º grau: da competencia tecnica ao compromisso politicolpor10aMagisterio de 1º grau: da competencia tecnica ao compromisso politico0 a1899 1aCortez